[Event "URU-ch Semi Final 2020"]
[Site "Montevideo"]
[Date "2020.02.22"]
[Round "3.23"]
[White "Lanaro, Emilio"]
[Black "Cayetano, Juan"]
[Result "1-0"]
[WhiteElo "1670"]
[BlackElo "1543"]
[Annotator "NA RC"]
[PlyCount "123"]
[EventDate "2020.02.22"]
[EventType "swiss"]
[EventCountry "URU"]
[SourceTitle "playchess.com"]
[Source "ChessBase"]
[SourceQuality "1"]
[TimeControl "5400+30"]

1. e4 {[%emt 0:00:25]} e6 {[%emt 0:00:00]} 2. d4 {[%emt 0:00:03]} d5 {[%emt 0:00:00]} 3. Nd2 {[%emt 0:00:05]} c5 {[%emt 0:00:00]} 4. Ngf3 {[%emt 0:00:08]} Nc6 {[%emt 0:00:16]} 5. c3 {[%emt 0:08:46]} cxd4 {[%emt 0:01:52]} 6. cxd4 {[%emt 0:00:14]} Qb6 {[%emt 0:00:43]} 7. exd5 {[%emt 0:02:59]} exd5 {[%emt 0:02:12]} 8. Nb3 {[%emt 0:09:33]} a5 {[%emt 0:00:23]} 9. a4 {[%emt 0:09:30]} Bb4+ {[%emt 0:00:20]} 10. Bd2 {[%emt 0:04:36]} Bxd2+ {[%emt 0:00:16]} 11. Nbxd2 {[%emt 0:02:08]} Bd7 {[%emt 0:03:50]} 12. Bb5 {[%emt 0:01:12]} Nf6 {[%emt 0:02:21]} 13. Bxc6 {[%emt 0:15:47]} bxc6 {[%emt 0:00:56]} 14. O-O {[%emt 0:12:01]} O-O {[%emt 0:00:17]} 15. Nb3 {[%emt 0:02:53]} Bg4 {[%emt 0:01:08]} 16. h3 {[%emt 0:07:52]} Bh5 {[%emt 0:01:36]} 17. g4 {[%emt 0:02:24]} Bg6 {[%emt 0:00:10]} 18. Ne5 {[%emt 0:00:55]} Rfd8 {[%emt 0:00:35]} 19. Rc1 {[%emt 0:01:28]} Rd6 {[%emt 0:04:48]} 20. Re1 {[%emt 0:03:55]} Rb8 {[%emt 0:01:07]} 21. Re3 {[%emt 0:00:54]} Nd7 {[%emt 0:05:06]} 22. Nxd7 {[%emt 0:02:15]} Rxd7 {[%emt 0:00:10]} 23. Nc5 {[%emt 0:00:24]} Rdd8 {[%emt 0:00:32]} 24. f4 {[%emt 0:02:03]} f6 {[%emt 0:00:48]} 25. f5 {[%emt 0:01:08]} Bf7 {[%emt 0:00:11]} 26. b3 {[%emt 0:01:06]} Re8 {[%emt 0:03:46]} 27. Qd2 {[%emt 0:02:06]} Qb4 {[%emt 0:01:28]} 28. Qxb4 {[%emt 0:00:42]} Rxb4 {[%emt 0:00:41]} 29. Rxe8+ {[%emt 0:00:31]} Bxe8 {[%emt 0:00:10]} 30. Re1 {[%emt 0:00:12]} Kf7 {[%emt 0:01:47]} 31. Rd1 {[%emt 0:00:32]} Ke7 {[%emt 0:01:45]} 32. Kf2 {[%emt 0:00:30]} Kd6 {[%emt 0:00:16]} 33. Kf3 {[%emt 0:00:29]} Bf7 {[%emt 0:00:32]} 34. Ke3 {[%emt 0:01:48]} Rb8 {[%emt 0:01:40]} 35. Re1 {[%emt 0:01:18]} Rb4 {[%emt 0:00:46]} 36. Kd3 {[%emt 0:00:33]} Rb8 {[%emt 0:00:33]} 37. Kc3 {[%emt 0:00:36]} Rb4 {[%emt 0:00:41]} 38. Rg1 {[%emt 0:01:51]} Rb8 {[%emt 0:12:48]} 39. Rb1 {[%emt 0:02:17]} Re8 {[%emt 0:01:17]} 40. Nb7+ {[%emt 0:00:14]} Kc7 {[%emt 0:00:14]} 41. Nxa5 {[%emt 0:00:17]} Kb6 {[%emt 0:00:16]} 42. b4 {[%emt 0:00:21]} Re3+ {[%emt 0:01:42]} 43. Kd2 {[%emt 0:00:14]} Rxh3 {[%emt 0:02:38]} 44. Nb3 {[%emt 0:00:41]} Rg3 {[%emt 0:01:16]} 45. Nc5 {[%emt 0:00:52]} Rxg4 {[%emt 0:00:29]} 46. Ke3 {[%emt 0:00:03]} Bh5 {[%emt 0:01:01]} 47. b5 {[%emt 0:00:25]} Rg3+ {[%emt 0:01:03]} 48. Kd2 {[%emt 0:00:10]} Rg2+ {[%emt 0:02:13]} 49. Kc3 {[%emt 0:00:22]} Rg3+ {[%emt 0:01:12]} 50. Kb4 {[%emt 0:00:24]} cxb5 {[%emt 0:01:44]} 51. axb5 {[%emt 0:00:12]} Rg4 {[%emt 0:04:01]} 52. Na4+ {[%emt 0:00:14]} Kb7 {[%emt 0:00:52]} 53. Kc5 {[%emt 0:00:05]} Bf7 {[%emt 0:03:26]} 54. Kd6 {[%emt 0:01:27]} Rxd4 {[%emt 0:03:11]} 55. Nc5+ {[%emt 0:00:06]} Kb6 {[%emt 0:00:28]} 56. Nd7+ {[%emt 0:00:04]} Kb7 {[%emt 0:00:19]} 57. b6 {[%emt 0:00:19]} Rc4 {[%emt 0:06:13]} 58. Nc5+ {[%emt 0:00:52]} Rxc5 {[%emt 0:02:31]} 59. Kxc5 {[%emt 0:00:04]} g6 {[%emt 0:01:37]} 60. Re1 {[%emt 0:00:29]} Bg8 {[%emt 0:01:31]} 61. Re7+ {[%emt 0:00:27]} Ka6 {[%emt 0:00:33]} 62. Kc6 {[%emt 0:00:13]} 1-0

[Event "URU-ch Semi Final 2020"]
[Site "Montevideo"]
[Date "2020.02.22"]
[Round "4"]
[White "Granara Barreto, Sebastian"]
[Black "Izquierdo, Sebastian"]
[Result "1/2-1/2"]
[WhiteElo "2132"]
[BlackElo "1950"]
[Annotator "NA"]
[PlyCount "30"]
[EventDate "2020.02.22"]
[EventType "swiss"]
[EventCountry "URU"]
[SourceTitle "playchess.com"]
[Source "ChessBase"]
[SourceQuality "1"]
[TimeControl "5400+30"]

1. c4 {[%emt 0:01:07]} c6 {[%emt 0:20:19]} 2. g3 {[%emt 0:00:36]} d5 {[%emt 0:00:33]} 3. Bg2 {[%emt 0:00:06]} e5 {[%emt 0:05:30]} 4. Nf3 {[%emt 0:08:41]} e4 {[%emt 0:01:43]} 5. Nd4 {[%emt 0:00:54]} dxc4 {[%emt 0:08:41]} 6. Nc2 {[%emt 0:00:06]} f5 {[%emt 0:01:35]} 7. Ne3 {[%emt 0:03:35]} Be6 {[%emt 0:07:00]} 8. O-O {[%emt 0:06:09]} Nf6 {[%emt 0:04:23]} 9. Nc3 {[%emt 0:06:23]} Bc5 {[%emt 0:01:52]} 10. Qc2 {[%emt 0:02:55]} Bxe3 {[%emt 0:01:08]} 11. dxe3 {[%emt 0:01:02]} O-O {[%emt 0:00:12]} 12. Bd2 {[%emt 0:09:16]} Nbd7 {[%emt 0:06:51]} 13. Rad1 {[%emt 0:00:14]} b5 {[%emt 0:01:20]} 14. f3 {[%emt 0:03:06]} exf3 {[%emt 0:00:22]} 15. exf3 {[%emt 0:01:34]} g6 {[%emt 0:12:07]} 1/2-1/2

[Event "URU-ch Semi Final 2020"]
[Site "Montevideo"]
[Date "2020.02.22"]
[Round "4"]
[White "Pichuaga, Juan Pablo"]
[Black "Ramirez, Agustin"]
[Result "1-0"]
[WhiteElo "2030"]
[BlackElo "1715"]
[Annotator "NA"]
[PlyCount "65"]
[EventDate "2020.02.22"]
[EventType "swiss"]
[EventCountry "URU"]
[SourceTitle "playchess.com"]
[Source "ChessBase"]
[SourceQuality "1"]
[TimeControl "5400+30"]

1. d4 {[%emt 0:00:00]} Nf6 {[%emt 0:03:09]} 2. Bf4 {[%emt 0:00:00]} g6 {[%emt 0:00:10]} 3. Nf3 {[%emt 0:00:00]} Bg7 {[%emt 0:00:14]} 4. e3 {[%emt 0:00:18]} O-O {[%emt 0:00:10]} 5. Be2 {[%emt 0:00:29]} d6 {[%emt 0:00:46]} 6. h3 {[%emt 0:00:14]} Nbd7 {[%emt 0:00:32]} 7. O-O {[%emt 0:01:41]} b6 {[%emt 0:02:10]} 8. c4 {[%emt 0:02:13]} c5 {[%emt 0:02:56]} 9. Nc3 {[%emt 0:02:46]} Re8 {[%emt 0:05:08]} 10. d5 {[%emt 0:04:45]} Nf8 {[%emt 0:08:29]} 11. Bh2 {[%emt 0:01:22]} h5 {[%emt 0:01:34]} 12. Qc2 {[%emt 0:06:59]} a6 {[%emt 0:02:35]} 13. a4 {[%emt 0:03:17]} Qc7 {[%emt 0:00:22]} 14. Bd3 {[%emt 0:03:40]} Bd7 {[%emt 0:03:00]} 15. e4 {[%emt 0:01:46]} N6h7 {[%emt 0:04:47]} 16. Rfe1 {[%emt 0:02:14]} e5 {[%emt 0:00:30]} 17. dxe6 {[%emt 0:07:35]} Nxe6 {[%emt 0:02:58]} 18. Nd5 {[%emt 0:02:33]} Qb8 {[%emt 0:05:26]} 19. Qb3 {[%emt 0:01:50]} Ra7 {[%emt 0:00:08]} 20. Qxb6 {[%emt 0:01:54]} Qxb6 {[%emt 0:00:10]} 21. Nxb6 {[%emt 0:00:22]} Rb8 {[%emt 0:00:11]} 22. a5 {[%emt 0:07:50]} Bxb2 {[%emt 0:02:14]} 23. Ra2 {[%emt 0:00:35]} Bc3 {[%emt 0:01:03]} 24. Rc1 {[%emt 0:00:33]} Bb4 {[%emt 0:02:19]} 25. Bxd6 {[%emt 0:00:42]} Rd8 {[%emt 0:00:16]} 26. Nd5 {[%emt 0:01:02]} Bc6 {[%emt 0:00:37]} 27. Bg3 {[%emt 0:03:12]} Neg5 {[%emt 0:02:42]} 28. Nxg5 {[%emt 0:00:46]} Nxg5 {[%emt 0:00:07]} 29. Bh4 {[%emt 0:00:15]} Bxd5 {[%emt 0:00:22]} 30. Bxg5 {[%emt 0:09:19]} f6 {[%emt 0:00:10]} 31. Bxf6 {[%emt 0:00:57]} Rf8 {[%emt 0:00:08]} 32. cxd5 {[%emt 0:01:30]} Rxf6 {[%emt 0:00:53]} 33. e5 {[%emt 0:00:24]} 1-0

[Event "URU-ch Semi Final 2020"]
[Site "Montevideo"]
[Date "2020.02.23"]
[Round "4.1"]
[White "Dominguez, Facundo"]
[Black "Lopez Azambuja, Nicolas"]
[Result "1/2-1/2"]
[WhiteElo "2135"]
[BlackElo "2310"]
[Annotator "TA"]
[PlyCount "70"]
[EventDate "2020.02.22"]
[EventType "swiss"]
[EventCountry "URU"]
[SourceTitle "playchess.com"]
[Source "ChessBase"]
[SourceQuality "1"]

{[%evp 15,70,13,13,9,6,6,8,8,6,7,13,30,37,0,0,0,0,0,0,0,0,0,22,0,0,-20,-15,-22,-13,-50,-12,-31,0,-58,-22,-61,-61,-68,-68,-73,-70,-70,-72,-59,-60,-154,-132,-104,10,15,149,149,127,0,0,0,78]} 1. e4 e5 2. Nf3 Nc6 3. d4 exd4 4. Nxd4 Bc5 5. Be3 Qf6 6. c3 Nge7 7. Bc4 O-O 8. O-O b6 9. b4 {C45: Scotch Game.} Bxd4 10. Bxd4 Nxd4 11. Qxd4 Qxd4 12. cxd4 Nc6 13. Bd5 {Hoping for b5.} Ba6 {[#]} 14. Bxc6 $146 ({Predecessor:} 14. Rd1 Rad8 15. a3 Ne7 16. Bb3 d5 17. e5 Bc4 18. Nd2 b5 19. Bc2 Nc6 20. Nf3 {0-1 (50) Freuler,R (2053)-Sargissian,G (2675) Warsaw 2013}) 14... dxc6 15. Rd1 f5 $36 {[%mdl 2048] Black has good play.} 16. e5 Rfd8 17. a4 Bc4 18. a5 Kf7 19. Na3 Bd5 20. Rac1 bxa5 21. bxa5 Rab8 22. Rb1 Ba2 23. Rbc1 Bd5 24. Rb1 Be4 25. Rxb8 Rxb8 $11 {[%mdl 4096] Endgame KRB-KRN} 26. f3 Bd5 27. Rb1 Rxb1+ 28. Nxb1 $17 {KB-KN} f4 $1 29. Nc3 Ke6 30. Kf2 ({White should play} 30. g3 $1 $15) 30... Bc4 31. g3 {[#]} fxg3+ (31... c5 $1 $17 {[%mdl 512]} 32. dxc5 Kxe5 33. gxf4+ Kxf4) 32. hxg3 $11 c5 (32... h5 $1 $11) 33. Ke3 $16 h5 {[#]} 34. Ne4 ({Better is} 34. f4 $1 $16) 34... cxd4+ $11 35. Kxd4 Be2 {Accuracy: White = 75%, Black = 67%.} (35... Bb5 $1 $11) 1/2-1/2

[Event "URU-ch Semi Final 2020"]
[Site "Montevideo"]
[Date "2020.02.23"]
[Round "4.2"]
[White "Michailov, Matias"]
[Black "Vazquez, Facundo"]
[Result "1/2-1/2"]
[WhiteElo "2262"]
[BlackElo "2155"]
[Annotator "TA"]
[PlyCount "116"]
[EventDate "2020.02.22"]
[EventType "swiss"]
[EventCountry "URU"]
[SourceTitle "playchess.com"]
[Source "ChessBase"]
[SourceQuality "1"]

{[%evp 19,116,-7,1,-8,-7,0,23,6,14,15,26,10,42,37,45,-14,0,-2,-8,-8,-14,-16,-20,-27,-18,-52,-39,-49,-52,-65,-20,-49,-23,-41,4,12,16,6,7,10,11,-27,-20,-19,-16,-16,-16,-22,-10,-24,0,0,0,0,0,-5,0,0,0,0,0,0,0,0,0,0,0,0,0,0,0,0,0,0,0,0,0,0,0,-42,-45,-45,-44,-140,-170,-346,-341,-319,-294,-253,-22,-22,-22,-215,0,0,0,-214,0]} 1. e4 c5 2. Nf3 Nc6 3. d4 cxd4 4. Nxd4 Nf6 5. Nc3 e5 6. Ndb5 d6 7. Nd5 Nxd5 8. exd5 Nb8 {[%cal Bc6b8,Bb8d7,Bd7f6,Bf6e4,Be4f2][%mdl 32]} 9. a4 Be7 10. Be2 O-O 11. O-O {B33: Sicilian: Pelikan and Sveshnikov Variations.} Nd7 12. Bd2 $1 {[%mdl 4] is now more promising than 12.Kh1. Played by Maxime Vachier Lagrave in December 2019.} a6 13. Na3 {White has an edge.} a5 14. c3 f5 15. f4 {[#]} Nf6 $146 ({Predecessor:} 15... Nc5 16. Be3 exf4 17. Bxc5 dxc5 18. Rxf4 Bd6 19. Rf3 Qh4 20. Rh3 Qe7 21. Nc4 f4 {1-0 (42) Esipenko,A (2603)-Gelfand,B (2655) Skopje 2019}) 16. Be3 exf4 17. Bxf4 (17. Rxf4 $14 Ne4 18. Nc4) 17... Qb6+ $11 18. Kh1 Ne4 $1 19. Nc4 Nf2+ 20. Rxf2 $1 Qxf2 21. Qd2 Bd7 22. Be3 Qh4 23. Nb6 Rad8 24. Rf1 Be8 (24... f4 $5 {[%cal Rf4e3]} 25. Bf2 Qg5 26. Nxd7 Rxd7 $15) 25. Rf4 Qf6 26. Bd3 g5 27. Rxf5 {[%mdl 64] Double Attack} Qg7 $1 28. Bd4 Bf6 $1 29. Bxf6 Rxf6 30. Qxg5 Qxg5 31. Rxg5+ Bg6 32. h3 $1 Kf7 33. Bxg6+ hxg6 {[%mdl 4096] Endgame KRR-KRN} 34. Rg4 Re8 35. Nc4 Re2 36. Kh2 Ke7 37. h4 Kd7 38. b4 axb4 39. cxb4 Ref2 {aiming for ...R6f4.} 40. Kg3 Rc2 41. a5 Rc3+ 42. Kh2 Rc2 43. Kh3 Rc3+ 44. Kh2 Rc2 45. Kh3 Rc3+ 46. g3 Rb3 47. Re4 Rff3 48. Rg4 {Black must now prevent Nd2.} Rf6 49. h5 gxh5 50. Rg7+ Kd8 51. Rxb7 ({Better is} 51. Nb6 $1 $15) 51... Rg6 $17 52. a6 $2 (52. Kh2 {keeps fighting.}) 52... Rbxg3+ $19 53. Kh2 Rg2+ 54. Kh3 {[#]} R6g3+ $2 (54... Rg1 $1 $19 {[%cal Rg1h1]} 55. Kh2 R6g2+ 56. Kh3 Rg4) 55. Kh4 $11 Rg4+ {[%mdl 64] Double Attack} 56. Kh3 $2 (56. Kxh5 $11 Rxc4 57. a7) 56... R4g3+ 57. Kh4 {Threatening mate with a7.} Rg4+ {[%mdl 64] Double Attack} 58. Kh3 {[#]} R4g3+ $2 {Accuracy: White = 74%, Black = 84%.} (58... Rg1 $1 $19 {[%cal Rg1h1]} 59. Kh2 R4g2+ 60. Kh3 Rg3+ 61. Kh2 R1g2+ 62. Kh1 Rg1+ 63. Kh2 R1g2+ 64. Kh1 Ra2) 1/2-1/2

[Event "URU-ch Semi Final 2020"]
[Site "Montevideo"]
[Date "2020.02.23"]
[Round "4.3"]
[White "Lopez Falcon, Jorge"]
[Black "Larrea, Manuel"]
[Result "1/2-1/2"]
[WhiteElo "2119"]
[BlackElo "2243"]
[Annotator "NA"]
[PlyCount "39"]
[EventDate "2020.02.22"]
[EventType "swiss"]
[EventCountry "URU"]
[SourceTitle "playchess.com"]
[Source "ChessBase"]
[SourceQuality "1"]
[TimeControl "5400+30"]

1. d4 {[%emt 0:00:00]} Nf6 {[%emt 0:00:53]} 2. c4 {[%emt 0:00:00]} e6 {[%emt 0:00:05]} 3. g3 {[%emt 0:00:04]} d5 {[%emt 0:00:22]} 4. Bg2 {[%emt 0:00:32]} Be7 {[%emt 0:00:57]} 5. Nf3 {[%emt 0:01:05]} O-O {[%emt 0:01:51]} 6. O-O {[%emt 0:02:21]} dxc4 {[%emt 0:04:50]} 7. Qc2 {[%emt 0:01:52]} b6 {[%emt 0:05:40]} 8. Qxc4 {[%emt 0:09:19]} Bb7 {[%emt 0:02:37]} 9. Nc3 {[%emt 0:01:45]} c5 {[%emt 0:11:36]} 10. dxc5 {[%emt 0:13:04]} Bxc5 {[%emt 0:00:57]} 11. Bg5 {[%emt 0:00:33]} Nbd7 {[%emt 0:17:11]} 12. Rfd1 {[%emt 0:03:26]} Qc8 {[%emt 0:04:06]} 13. Qh4 {[%emt 0:00:19]} h6 {[%emt 0:02:58]} 14. Bf4 $11 {[%emt 0:14:49]} Re8 {[%emt 0:23:13]} 15. Bd6 {[%emt 0:12:49]} e5 {[%emt 0:07:24]} 16. Bxc5 {[%emt 0:03:15]} Qxc5 {[%emt 0:03:18]} 17. Rac1 {[%emt 0:01:02]} Rac8 {[%emt 0:02:18]} 18. Nd2 {[%emt 0:03:56]} Bxg2 {[%emt 0:00:38]} 19. Kxg2 {[%emt 0:00:22]} Qc6+ {[%emt 0:01:12]} 20. f3 {[%emt 0:00:25]} 1/2-1/2

[Event "URU-ch Semi Final 2020"]
[Site "Montevideo"]
[Date "2020.02.23"]
[Round "4.4"]
[White "Carbone, Diego"]
[Black "Carvalho, Guillermo"]
[Result "1-0"]
[WhiteElo "2239"]
[BlackElo "2187"]
[Annotator "TA"]
[PlyCount "67"]
[EventDate "2020.02.22"]
[EventType "swiss"]
[EventCountry "URU"]
[SourceTitle "playchess.com"]
[Source "ChessBase"]
[SourceQuality "1"]

{[%evp 19,67,27,55,0,0,7,85,79,76,70,80,87,99,90,130,138,403,395,403,327,334,325,329,330,316,265,280,279,544,599,589,578,545,543,524,349,344,329,329,311,710,229,419,418,456,413,689,683,1156,1132]} 1. d4 d5 2. c4 e6 3. Nf3 Nf6 4. g3 Be7 5. Bg2 O-O 6. O-O b6 7. Nc3 Bb7 8. Ne5 Nbd7 9. Qa4 Nxe5 10. dxe5 Ne4 11. cxd5 {E18: Queen's Indian: Old Main Line (4 g3 Bb7 5 Bg2 Be7 6 0-0 0-0 7 Nc3).} Nxc3 12. bxc3 {Hoping for d6.} exd5 {[#]} (12... Bxd5 $11 13. Rd1 Qc8) 13. c4 $1 $16 {White is better.} c6 14. Rd1 Qc8 15. cxd5 cxd5 {[#]} 16. Be3 $146 ({Of course not} 16. Bxd5 Bxd5 17. Rxd5 Qc3 $11) ({Predecessor:} 16. Bxd5 Bxd5 17. Rxd5 Qc3 18. Qd4 Qe1+ 19. Kg2 Qxe2 20. Qd1 Qxd1 21. Rxd1 Rfd8 22. Be3 {1-0 (52) Kiss,P (2400)-Vajda,S (2315) Eger 2001}) 16... Qe6 {[#]} 17. Rac1 $1 {[%cal Rc1c7] aiming for Rc7.} a6 $2 {[%mdl 8192] This costs Black the game.} (17... Bd8 $16 {might work better.} 18. Rd3 h6) 18. Rc7 $18 b5 19. Qb3 Rab8 {[#]} 20. Rxb7 $1 {[%mdl 576] Remove Defender, Decoy} Rxb7 21. Bxd5 {[%mdl 64] Double Attack} Qc8 {intending ...Rc7.} 22. Bxb7 Qxb7 23. e6 {Strongly threatening Rd7.} Qc8 $2 (23... Rd8 24. exf7+ Kf8 25. Rxd8+ Bxd8) 24. Rd7 Qe8 25. exf7+ Rxf7 26. Qe6 Kf8 27. Rc7 Rf6 28. Qd5 Rd6 29. Qf5+ {[%mdl 64] Double Attack} Kg8 $2 (29... Qf7 30. Qxh7 Rd1+ 31. Kg2 Qd5+ 32. Kh3 Qe5) 30. Rc8 $2 (30. Qe5 Rd1+ 31. Kg2) 30... Bd8 $2 (30... Rd1+ 31. Kg2 Rd8 32. Qe6+ Qf7 33. Rxd8+ Bxd8 34. Qxa6 Qd5+ 35. f3 h6) 31. Bc5 Rd1+ 32. Kg2 Qf7 (32... h5 $142 33. Qc2 Qe6 34. Qxd1 Qxc8 35. Qd5+ {[%mdl 64] Double Attack} Kh7 36. Qxh5+ Kg8 37. Qe8+ Kh7 38. Qh5+ Kg8 39. Qe8+ Kh7 40. Qh5+) 33. Qe4 Qd7 34. Bb6 {Accuracy: White = 77%, Black = 39%.} 1-0

[Event "URU-ch Semi Final 2020"]
[Site "Montevideo"]
[Date "2020.02.23"]
[Round "4.5"]
[White "Muniz, Rafael"]
[Black "Izquierdo, Daniel"]
[Result "1/2-1/2"]
[WhiteElo "2232"]
[BlackElo "2134"]
[Annotator "TA"]
[PlyCount "162"]
[EventDate "2020.02.22"]
[EventType "swiss"]
[EventCountry "URU"]
[SourceTitle "playchess.com"]
[Source "ChessBase"]
[SourceQuality "1"]

{[%evp 10,162,39,42,42,28,41,27,51,51,54,54,56,64,64,61,64,64,61,70,67,67,68,20,38,-16,-15,-22,133,132,195,0,6,0,0,0,2,0,2,5,5,5,9,-32,0,6,6,6,10,0,0,-7,0,0,0,0,0,-8,-8,-8,-8,-8,-8,-10,-8,-8,0,0,0,0,0,0,0,0,0,0,0,0,0,0,0,0,0,0,0,0,0,0,0,0,0,0,0,0,0,0,0,0,0,0,0,0,0,0,0,0,0,0,0,0,0,0,0,0,0,0,0,0,0,0,0,0,0,0,0,0,0,0,0,0,0,0,0,0,0,0,0,0,0,0,0,0,0,0,0,0,0,0,0,0,0,0,0,0,0]} 1. e4 e5 2. Nf3 Nc6 3. Bc4 Be7 4. O-O Nf6 5. d3 O-O 6. a4 {[%cal Ba2a4,Ba4a5][%mdl 32]} d6 {C55: Two Knights: 4 d3, 4 d4 exd4 5 e5 and Max Lange Attack.} 7. a5 Bg4 8. h3 Bh5 {White has an edge.} 9. c3 a6 10. Nbd2 Qd7 11. Re1 Rae8 12. Nf1 {[#]} Nd8 $146 ({Predecessor:} 12... Bd8 13. Ng3 Bg6 14. Qb3 Qc8 15. Qa4 Nb8 16. b4 c6 17. Ba2 Nh5 18. Nxh5 Bxh5 {0-1 (69) Ferguson,M (2374)-Hebden,M (2522) Bunratty 2001}) 13. Ng3 Bg6 14. d4 exd4 15. cxd4 Nh5 16. Nf1 c6 17. g4 (17. d5 $14) 17... Nf6 $11 18. Ng3 Nxe4 $2 (18... d5 $11 19. exd5 cxd5) 19. Nxe4 $16 d5 {[#]} (19... Bxe4 $16 {might work better.} 20. Rxe4 d5) 20. Ne5 $2 (20. Nc5 $1 $18 {[%cal Rc5d7]} Bxc5 21. dxc5) 20... Qc8 $11 21. Bxd5 cxd5 22. Nc3 Bb4 23. Bd2 Bxc3 24. Bxc3 f6 25. Nxg6 hxg6 26. Qf3 {[#] aiming for Bb4.} Qd7 27. Bb4 {The position is equal.} Rxe1+ 28. Rxe1 ({Don't play} 28. Bxe1 Qb5 $15) 28... Rf7 29. Qe3 Nc6 30. Qe8+ Qxe8 31. Rxe8+ {[%mdl 4096] Endgame KRB-KRN} Kh7 32. Bc3 $1 g5 33. Re6 Rd7 34. Kg2 Kg6 35. Kg3 Kf7 36. Re1 Re7 37. Rxe7+ Kxe7 {KB-KN} 38. f4 gxf4+ 39. Kxf4 g5+ 40. Kg3 Kf7 41. h4 gxh4+ 42. Kxh4 Kg6 43. Kg3 Nd8 44. Bd2 Ne6 45. Be3 Nc7 46. Kf3 Nb5 47. Ke2 Nd6 48. b3 f5 49. Kf3 fxg4+ 50. Kxg4 Nf5 51. Bf2 Kf6 52. Kf4 Ke6 53. Kg5 Ne7 {White must now prevent ...Nc6.} 54. Be1 $1 Nf5 (54... Nc6 $5 55. Bc3 $8 Ke7 $11) 55. Bf2 Nd6 56. Kg6 Ne4 57. Be1 Nd6 58. Bb4 Nf5 59. Bc5 Ng3 60. Kg5 Ne2 61. Kg6 Nc1 62. b4 Nd3 63. Kg5 Nf2 64. Bf8 Ne4+ 65. Kg6 Nf6 66. Bc5 $1 Nd7 67. Ba7 Nf6 68. Bc5 Ng4 69. Kg7 Ne3 70. Kf8 {Threatens to win with Ke8.} Kd7 $1 71. Kf7 Ng4 72. Kg6 Nf2 73. Kf6 Nd3 74. Bf8 Kc6 {Hoping for ...Kb5.} 75. Ke6 Nf4+ 76. Kf5 Nd3 {...Kb5 is the strong threat.} 77. Ke6 Ne1 78. Bc5 Nc2 79. Ke5 Na3 80. Ke6 Nb5 81. Ke5 Nc3 {Accuracy: White = 93%, Black = 93%.} 1/2-1/2

[Event "URU-ch Semi Final 2020"]
[Site "Montevideo"]
[Date "2020.02.23"]
[Round "4.6"]
[White "Coppola, Claudio"]
[Black "Pichuaga, Juan Pablo"]
[Result "1-0"]
[WhiteElo "2314"]
[BlackElo "2030"]
[Annotator "TA"]
[PlyCount "103"]
[EventDate "2020.02.22"]
[EventType "swiss"]
[EventCountry "URU"]
[SourceTitle "playchess.com"]
[Source "ChessBase"]
[SourceQuality "1"]

{[%evp 20,103,10,14,30,9,18,0,48,7,0,-69,20,20,20,20,33,32,23,10,47,46,31,18,22,9,13,0,20,0,57,58,64,54,62,60,72,63,77,46,46,53,56,43,82,77,108,88,95,63,69,74,69,70,78,78,73,77,72,70,232,219,254,239,284,284,284,277,269,269,255,255,247,233,233,211,211,196,190,188,188,188,1275,816,1458,1246]} 1. d4 e6 2. c4 d5 3. Nf3 c6 4. g3 f5 5. Bg2 Nf6 6. O-O Bd6 7. b3 O-O 8. Ba3 Bxa3 9. Nxa3 Nbd7 10. Qc1 Qe7 11. Qb2 Ng4 {[#] A94: Classical Dutch: Classical Stonewall: 7 b3 c6 8 Ba3.} 12. b4 $146 ({Predecessor:} 12. Rac1 f4 13. Rfe1 fxg3 14. fxg3 e5 15. cxd5 e4 16. dxc6 bxc6 17. Ne5 Ndxe5 18. dxe5 Qg5 19. Qd4 Be6 20. Rxc6 Rf2 21. Rxe6 Raf8 22. Qxe4 Qd2 23. Nc2 Rxg2+ 24. Kxg2 Rf2+ 25. Kg1 {1-0 (25) Delmas,C-Schrader,G France 1982}) 12... a6 13. Rac1 Re8 {The position is equal.} 14. Nb1 dxc4 15. Nfd2 (15. h3 $11 Ngf6 16. Ne5) 15... e5 (15... b5 $1 $15) 16. Nxc4 $11 exd4 17. Qxd4 Nde5 18. Nb6 Rb8 $1 19. Rfd1 Nf6 20. Nc3 Nf7 21. Nxc8 Rbxc8 22. e3 Rcd8 23. Qf4 Qe5 24. Na4 a5 ({Black should play} 24... Qxf4 $11 25. gxf4 Rxd1+ 26. Rxd1 Rd8 27. Rxd8+ Nxd8) 25. Nc5 $14 Rxd1+ 26. Rxd1 Qxf4 27. gxf4 axb4 28. Nxb7 Ra8 29. Bf1 Kf8 ({Avoid the trap} 29... Rxa2 $2 30. Bc4 $1 $18 {[%mdl 512]}) 30. Bc4 Ra7 31. Nc5 Ke7 32. Nd3 Nd6 33. Nxb4 Rc7 34. Bb3 (34. Bf1 {feels hotter.} c5 35. Rc1 Rc8 36. Ba6 Rc7 37. a4) 34... c5 35. Nd5+ Nxd5 36. Bxd5 $16 {[%mdl 4096] Endgame KRB-KRN} c4 37. Kf1 Ra7 {[#]} 38. Rd2 $1 g6 39. Rc2 Ra5 $2 {This move loses the game for Black.} (39... Rc7 $14) 40. Bxc4 $18 Nxc4 41. Rxc4 Rxa2 {KR-KR} 42. Rc7+ Kf6 43. Rxh7 Ra1+ 44. Kg2 Re1 45. Ra7 Ke6 46. Ra6+ Kf7 47. Rb6 Kg7 48. Re6 Kh6 49. e4 fxe4 50. f5 $1 Kh7 $2 (50... Rd1 51. Rxg6+ Kh7) 51. fxg6+ Kg7 52. h4 {Accuracy: White = 88%, Black = 61%.} 1-0